000 00326 a2200133 4500
000 nam a22 7a 4500
100 _aBrooks, Lyra
110 _aBrooks, Lyra
245 _aMicroeconomics
250 _aLatest edition
260 _bBrilliance publications
_c2025
264 _bBrilliance publications
_c2025
942 _cBK
999 _c395955
_d395955